Development and Planning Law (Record no. 114937)

MARC details
000 -LEADER
fixed length control field 00704cam a22002175a 4500
001 - CONTROL NUMBER
control field L157727
008 - FIXED-LENGTH DATA ELEMENTS--GENERAL INFORMATION
fixed length control field 130411s2013 xxk f 000 0 eng d
035 ## - SYSTEM CONTROL NUMBER
System control number (Sirsi) u157727
041 0# - LANGUAGE CODE
Language code of text/sound track or separate title eng
050 04 - LIBRARY OF CONGRESS CALL NUMBER
Classification number 711.1 $2 18
100 1# - MAIN ENTRY--PERSONAL NAME
Personal name Denyer-Green, Barry
245 00 - TITLE STATEMENT
Title Development and Planning Law
250 ## - EDITION STATEMENT
Edition statement 4th
260 ## - PUBLICATION, DISTRIBUTION, ETC.
Place of publication, distribution, etc. London
Name of publisher, distributor, etc. Estates Gazette
Date of publication, distribution, etc. 2013
300 ## - PHYSICAL DESCRIPTION
Extent liv, 416p
Dimensions 24cm
520 ## - SUMMARY, ETC.
Summary, etc. Provides a comprehensive outline of the law relating to development and planning. Extensively updated to reflect recent legal developments, especially the Planning Act 2008.
651 #4 - SUBJECT ADDED ENTRY--GEOGRAPHIC NAME
Geographic name United Kingdom
690 ## - LOCAL SUBJECT ADDED ENTRY--TOPICAL TERM (OCLC, RLIN)
Topical term or geographic name as entry element Planning and development
9 (RLIN) 6259
700 1# - ADDED ENTRY--PERSONAL NAME
Personal name Ubhi, Navjit
942 ## - ADDED ENTRY ELEMENTS (KOHA)
Suppress in OPAC 0
Holdings
Withdrawn status Lost status Source of classification or shelving scheme Damaged status Not for loan Home library Current library Shelving location Date acquired Total Checkouts Full call number Barcode Date last seen Copy number Price effective from Koha item type
    Dewey Decimal Classification     London London Books 11/04/2013   711.1 DEN 30078240 06/08/2019 1 06/08/2019 Book